000 00689nam a22002297a 4500
005 20150309162912.0
008 140714b xxu||||| |||| 00| 0 Urdu d
010 _aUR-8703
020 q _c200.00
035 _aU-7258
037 _bDBAD/Pub.
040 _aDPL
_bUrdu
082 _a841
100 _aسر ا ج د ھلو ی
110 _b-
245 _a‎د يا سا گر :شا عر ی
_cسر ا ج د ھلو ی
246 _aDaya Sagar
_bBy Siraj Dehlvi(O.P.Agarwal)
260 _aد ھلی
_bGulistan Publications
_c2012
270 _a67-Maulana Shaukat Ali Street, j,
_bKolkata
_e700073
300 _a192ص
_c22Cm (Hb)
942 _2ddc
_cUR
_e
_h841
_mس ر ا
999 _c92147
_d92147